000
00347 a2200169 4500
001
188322
020
_a
85-7208-459-2
040
_c
Magnum
100
_a
Pereira, Otoniel S
240
1
0
_a
Bichário
_l
por
245
1
0
_a
Bichário
300
_a
32
362
0
_a
2006
440
1
_a
Formato
697
_a
LITERATURA INFANTO-JUVENIL
942
_c
BK
999
_c
188322
_d
188322